| 000 | 00485nam a22001817a 4500 | ||
|---|---|---|---|
| 003 | CEME | ||
| 005 | 20210628202928.0 | ||
| 008 | 210119b xxu||||| |||| 00| 0 eng d | ||
| 020 | _a81-7758-364-6 | ||
| 040 | _c. | ||
| 082 | _a620.106 GUP | ||
| 100 |
_aGupta, S.C _962352 |
||
| 245 | _aFluid mechanics and hydraulic machines | ||
| 260 |
_aNEW DELHI _bPEARSON EDUCATION ASIA _c2006 |
||
| 300 | _aXIV,577 P | ||
| 650 |
_aFLUID MECHANICS.HYDRAULIC MACHINES _962353 |
||
| 942 |
_cBK _2ddc |
||
| 999 |
_c571486 _d571486 |
||